000 nam a22 7a 4500
999 _c8801
_d8801
008 180228b ||||| |||| 00| 0 eng d
020 _a9715422888
082 _22001
_aDFil 899.211
_bP53
245 _aThe Owl and the pugo's eggs (Tagalog)/
_cDamiana Eugenio [Compiler and editor]
260 _aQuezon City:
_bUP Press;
_cc2001.
300 _apages 48-49;
_c23 cm.
500 _aPhilippine folk literature:the folk tales.
650 0 _926743
_aFolklore
650 0 _926744
_aPhilippine folk literature--Collections
942 _2ddc
_cDFIL